<?xml version="1.0" encoding="UTF-8"?><?xml-stylesheet type="text/xsl" href="static/style.xsl"?><OAI-PMH xmlns="http://www.openarchives.org/OAI/2.0/" xmlns:xsi="http://www.w3.org/2001/XMLSchema-instance" xsi:schemaLocation="http://www.openarchives.org/OAI/2.0/ http://www.openarchives.org/OAI/2.0/OAI-PMH.xsd"><responseDate>2026-04-17T23:23:46Z</responseDate><request verb="GetRecord" identifier="oai:www.recercat.cat:10230/27811" metadataPrefix="marc">https://recercat.cat/oai/request</request><GetRecord><record><header><identifier>oai:recercat.cat:10230/27811</identifier><datestamp>2025-12-19T20:29:36Z</datestamp><setSpec>com_2072_6</setSpec><setSpec>col_2072_452954</setSpec></header><metadata><record xmlns="http://www.loc.gov/MARC21/slim" xmlns:dcterms="http://purl.org/dc/terms/" xmlns:xsi="http://www.w3.org/2001/XMLSchema-instance" xmlns:doc="http://www.lyncode.com/xoai" xsi:schemaLocation="http://www.loc.gov/MARC21/slim http://www.loc.gov/standards/marcxml/schema/MARC21slim.xsd">
   <leader>00925njm 22002777a 4500</leader>
   <datafield ind2=" " ind1=" " tag="042">
      <subfield code="a">dc</subfield>
   </datafield>
   <datafield ind2=" " ind1=" " tag="720">
      <subfield code="a">Bortolini, Elisa</subfield>
      <subfield code="e">author</subfield>
   </datafield>
   <datafield ind2=" " ind1=" " tag="260">
      <subfield code="c">2016-12-21T11:52:35Z</subfield>
   </datafield>
   <datafield ind2=" " ind1=" " tag="260">
      <subfield code="c">2016-12-21T11:52:35Z</subfield>
   </datafield>
   <datafield ind2=" " ind1=" " tag="260">
      <subfield code="c">2016-12-21</subfield>
   </datafield>
   <datafield ind2=" " ind1=" " tag="520">
      <subfield code="a">Treball de fi de màster en Estudis del Discurs: Comunicació, Societat i Aprenentatge</subfield>
   </datafield>
   <datafield ind2=" " ind1=" " tag="520">
      <subfield code="a">El objetivo de esta investigación es identificar y analizar los actores sociales presentes en los documentos del poder legislativo brasileño referentes al aborto, así como si hay una ideología presente en el discurso. Para ello, se procederá al estudio de los proyectos de ley y decretos legislativos creados durante los cuatro últimos años del mandato de la presidenta Dilma Rousseff (2012-2016). Como base teórica, se utiliza el Análisis Crítico del Discurso propuesto por Teun Van Dijk (1994,1999), mientras el acercamiento metodológico se hace por medio del análisis de la representación de los actores sociales y las estrategias de legitimación de sus discursos conforme las teorías de Ruth Wodak (2001) y Teun Van/nLeeuwen (1996). El análisis ha revelado que las ideologías de los autores ni siempre aparecen reflejadas en el discurso, ya que utilizan diferentes estrategias y actores para legitimar el texto y llegar al mismo objetivo: imposibilitar la realización del aborto seguro.</subfield>
   </datafield>
   <datafield tag="653" ind2=" " ind1=" ">
      <subfield code="a">Anàlisi crítica del discurs</subfield>
   </datafield>
   <datafield tag="653" ind2=" " ind1=" ">
      <subfield code="a">Avortament -- Aspectes polítics -- Brasil</subfield>
   </datafield>
   <datafield ind2="0" ind1="0" tag="245">
      <subfield code="a">El aborto en debate en la política brasileña: actores, discursos e ideologías</subfield>
   </datafield>
</record></metadata></record></GetRecord></OAI-PMH>